Reglamento de la Sección de Enseñanza del Instituto Agrícola de Alfonso XII (Record no. 125909)

MARC details
000 -LEADER
campo de control de longitud fija 00721nam a2200193 4500
001 - NÚMERO DE CONTROL
campo de control 125909
003 - IDENTIFICADOR DE NÚMERO DE CONTROL
campo de control ES-MaACL
005 - FECHA Y HORA DE LA ÚLTIMA TRANSACCIÓN
campo de control 20230906192723.0
007 - CAMPO FIJO DE DESCRIPCIÓN FÍSICA--INFORMACIÓN GENERAL
campo de control de longitud fija t|
008 - DATOS DE LONGITUD FIJA--INFORMACIÓN GENERAL
campo de control de longitud fija 070214s1928 sp r ||||1| spa d
110 2# - ENTRADA PRINCIPAL--NOMBRE DE ENTIDAD CORPORATIVA
Nombre de entidad corporativa o nombre de jurisdicción como elemento de entrada España.
Título de la obra Leyes, etc.
9 (RLIN) 184149
245 10 - MENCIÓN DEL TÍTULO
Título Reglamento de la Sección de Enseñanza del Instituto Agrícola de Alfonso XII
Resto del título : aprobado por R.D. de 29 de Noviembre de 1928, Núm. 2245 [Gaceta de 2 de diciembre].
260 ## - PUBLICACIÓN, DISTRIBUCIÓN, ETC.
Lugar de publicación, distribución, etc. Madrid :
Nombre del editor, distribuidor, etc. Ministerio de Economía Nacional,
Fecha de publicación, distribución, etc. 1928.
300 ## - DESCRIPCIÓN FÍSICA
Extensión 34 p. ;
Dimensiones 23 x 16 cm.
500 ## - NOTA GENERAL
Nota general Precede al tít.: Dirección de Agricultura.
710 2# - ENTRADA AGREGADA--NOMBRE DE ENTIDAD CORPORATIVA
Nombre de entidad corporativa o nombre de jurisdicción como elemento de entrada España.
Unidad subordinada Ministerio de Economía Nacional.
9 (RLIN) 3854
852 ## - LOCALIZACIÓN
Ubicación ES-MaACL
Número de control de estantería 1728-F-3
Holdings
Estatus retirado Estado de pérdida Estado de daño No para préstamo Colección Biblioteca de origen Biblioteca actual Ubicación en estantería Fecha de adquisición Fuente de adquisición Total de préstamos Signatura topográfica completa Código de barras Visto por última vez Precio de reemplazo Tipo de ítem Koha
        Colección de folletos Biblioteca del Ateneo de Madrid Biblioteca del Ateneo de Madrid Depósito folletos 17/01/2008     1728-F-3 1131155 23/02/2023 23/02/2023 Folleto